Diálogo llamado Demócrates

Wedi'i Gadw mewn:
Manylion Llyfryddiaeth
Prif Awdur: SEPULVEDA, JUAN GINES DE (Awdur)
Fformat: Llyfr
Iaith:Sbaeneg
Cyhoeddwyd: Madrid Tecnos 2012
Rhifyn:1a. ed
Cyfres:Clásicos del Pensamiento, 111
Pynciau:
Tagiau: Ychwanegu Tag
Dim Tagiau, Byddwch y cyntaf i dagio'r cofnod hwn!

MARC

LEADER 00000cam a2200000 a 4500
001 UCE0485
003 CL-VaPUC
008 140124e20120000sp |||||||||||||||||spa|d
020 |a 9788430954735 
082 0 4 |a 980.013  |b GIN  |2 21 
100 |a SEPULVEDA, JUAN GINES DE  |e author  |9 317959 
245 1 0 |a Diálogo llamado Demócrates 
250 |a 1a. ed 
300 |a 213 p 
942 |c BK 
945 |d 20140124 15:34:00  |a dcastane 
260 |a Madrid  |b Tecnos   |c 2012 
650 0 |a Historia de América  |9 266076 
650 0 |a Conquista  |9 339504 
650 7 |a SIGLOS 15-16  |2 CL-VaPUC  |9 342334 
650 0 |a Pueblos de América  |9 446252 
583 |a last modification  |c 20140124 15:34:00  |k Rodrigo Vera 
490 0 |a Clásicos del Pensamiento, 111 
999 |c 354591  |d 354589 
952 |0 0  |1 0  |3 erb  |4 0  |6 980_013000000000000_GIN_2012  |7 0  |8 A  |9 460554  |a BIBEDU  |b BIBEDU  |i 5052874  |l 2  |o 980.013 GIN 2012  |p 5052874  |r 2024-09-23  |s 2024-09-09  |w 2019-11-23  |y BK  |z Catalogado en:20140124  |k FIL